000 00639cab a2200205 4500
001 WB3226-24
008 090401t1996 xxu||||| |||| 00| 0 eng d
035 _a(Sirsi) u44893
041 _aeng
245 _aHomework gets the thumbs down
260 _c1996
350 _a0
490 _aHerald
_vProperty 4 July 1996, 16(1)
520 _aConsiders what workers most want from their office environment, with table ranking services and office features; also considers the home worker.
650 _aHOME WORKERS
650 _aOFFICE ENVIRONMENT
690 _aOFFICE SERVICES AND ADMINISTRATION
942 _n0
948 _c04/03/1997
999 _c28531
_d28531